<?xml version="1.0" encoding="UTF-8"?>
<record
    xmlns:xsi="http://www.w3.org/2001/XMLSchema-instance"
    xsi:schemaLocation="http://www.loc.gov/MARC21/slim http://www.loc.gov/standards/marcxml/schema/MARC21slim.xsd"
    xmlns="http://www.loc.gov/MARC21/slim">

  <leader>00497nam a22001457a 4500</leader>
  <datafield tag="082" ind1=" " ind2=" ">
    <subfield code="a">297.1227</subfield>
    <subfield code="b">TAF</subfield>
    <subfield code="c">L-31-II, P-1</subfield>
  </datafield>
  <datafield tag="100" ind1=" " ind2=" ">
    <subfield code="a">Syed Abu Al Ala Moudodi</subfield>
    <subfield code="9">47067</subfield>
  </datafield>
  <datafield tag="245" ind1=" " ind2=" ">
    <subfield code="a">&#x62A;&#x641;&#x6C1;&#x6CC;&#x645; &#x627;&#x644;&#x642;&#x631;&#x627;&#x646;</subfield>
    <subfield code="b">Tafheemul Quran</subfield>
    <subfield code="c">Syed Abu Al Ala Moudodi</subfield>
  </datafield>
  <datafield tag="250" ind1=" " ind2=" ">
    <subfield code="a">&#x633;&#x648;&#x631;&#x6C3; &#x645;&#x62D;&#x645;&#x62F; &#x62A;&#x627; &#x633;&#x648;&#x631;&#x6C3; &#x627;&#x644;&#x637;&#x644;&#x627;&#x642; &#x62C;&#x644;&#x62F; &#x67E;&#x646;&#x62C;&#x645;</subfield>
  </datafield>
  <datafield tag="260" ind1=" " ind2=" ">
    <subfield code="a">Lahore, Pakistan</subfield>
    <subfield code="b">Ferozesons (Pvt) Limited, Lahore</subfield>
  </datafield>
  <datafield tag="300" ind1=" " ind2=" ">
    <subfield code="a">675 P, :</subfield>
  </datafield>
  <datafield tag="526" ind1=" " ind2=" ">
    <subfield code="a">0</subfield>
    <subfield code="b">0</subfield>
    <subfield code="c">0</subfield>
    <subfield code="d">297_122700000000000_TAF</subfield>
  </datafield>
  <datafield tag="650" ind1=" " ind2=" ">
    <subfield code="a">MCE</subfield>
    <subfield code="9">379</subfield>
  </datafield>
  <datafield tag="942" ind1=" " ind2=" ">
    <subfield code="2">ddc</subfield>
    <subfield code="c">BK</subfield>
  </datafield>
  <datafield tag="999" ind1=" " ind2=" ">
    <subfield code="c">550365</subfield>
    <subfield code="d">550365</subfield>
  </datafield>
  <datafield tag="952" ind1=" " ind2=" ">
    <subfield code="0">0</subfield>
    <subfield code="1">0</subfield>
    <subfield code="2">ddc</subfield>
    <subfield code="4">0</subfield>
    <subfield code="7">0</subfield>
    <subfield code="a">MCE</subfield>
    <subfield code="b">MCE</subfield>
    <subfield code="d">2014-11-05</subfield>
    <subfield code="l">0</subfield>
    <subfield code="o">297.1227 TAF</subfield>
    <subfield code="p">MCE-9766</subfield>
    <subfield code="r">2014-11-05</subfield>
    <subfield code="w">2014-11-05</subfield>
    <subfield code="y">BK</subfield>
  </datafield>
</record>
